Trease and Evans' pharmacognosy / (Record no. 3092)
[ view plain ]
| 000 -LEADER | |
|---|---|
| fixed length control field | 00950nac a22002651u 4500 |
| 010 ## - LIBRARY OF CONGRESS CONTROL NUMBER | |
| LC control number | 2001020899 |
| 020 ## - INTERNATIONAL STANDARD BOOK NUMBER | |
| International Standard Book Number | 0702026174 |
| 020 ## - INTERNATIONAL STANDARD BOOK NUMBER | |
| International Standard Book Number | 0702026182 (intl. stud. ed.) |
| 035 ## - SYSTEM CONTROL NUMBER | |
| System control number | (DNLM)101091070 |
| 082 00 - DEWEY DECIMAL CLASSIFICATION NUMBER | |
| Classification number | 615.321 |
| Item number | Ev151 |
| 090 ## - LOCALLY ASSIGNED LC-TYPE CALL NUMBER (OCLC); LOCAL CALL NUMBER (OCLC) | |
| -- | 3092 |
| -- | 3092 |
| 100 ## - MAIN ENTRY--PERSONAL NAME | |
| Personal name | Evans, William Charles |
| 245 10 - TITLE STATEMENT | |
| Title | Trease and Evans' pharmacognosy / |
| Statement of responsibility, etc | William Charles Evans. |
| 246 30 - VARYING FORM OF TITLE | |
| Title proper/short title | Pharmacognosy |
| 250 ## - EDITION STATEMENT | |
| Edition statement | 15th ed. / |
| Remainder of edition statement | revised with the assistance of Daphne Evans. |
| 260 ## - PUBLICATION, DISTRIBUTION, ETC. (IMPRINT) | |
| Place of publication, distribution, etc | Edinburgh ; |
| -- | New York : |
| Name of publisher, distributor, etc | WB Saunders, |
| Date of publication, distribution, etc | 2002. |
| 300 ## - PHYSICAL DESCRIPTION | |
| Extent | viii, 585 p. : |
| Other physical details | ill. ; |
| Dimensions | 29 cm. |
| 504 ## - BIBLIOGRAPHY, ETC. NOTE | |
| Bibliography, etc | Includes bibliographical references and index. |
| 650 #0 - SUBJECT ADDED ENTRY--TOPICAL TERM | |
| Topical term or geographic name as entry element | Pharmacognosy. |
| 650 #0 - SUBJECT ADDED ENTRY--TOPICAL TERM | |
| Topical term or geographic name as entry element | Pharmacognosy. |
| 700 1# - ADDED ENTRY--PERSONAL NAME | |
| Personal name | Trease, George Edward, |
| Dates associated with a name | 1902- |
| 700 1# - ADDED ENTRY--PERSONAL NAME | |
| Personal name | Evans, Daphne. |
| 942 ## - ADDED ENTRY ELEMENTS (KOHA) | |
| Item type | Book - Borrowing |
| Call number prefix | 615.321Ev151 |
| Withdrawn status | Item status | Damaged status | Not for loan | Home library | Current library | Shelving location | Date acquired | Source of acquisition | Total Checkouts | Total Renewals | Full call number | Barcode | Date last seen | Date last borrowed | Koha item type |
|---|---|---|---|---|---|---|---|---|---|---|---|---|---|---|---|
| Central Library | Central Library | First floor | 20/03/2007 | Purchase | 3 | 23 | 615.321 EVA | 000001131 | 25/11/2025 | 20/08/2025 | Book - Borrowing |